Jesus and his sacrifice : A study of the passion-sayings in the gospels / Vincent Taylor (Registro nro. 45984)
[ vista simple ]
| 000 -LÍDER | |
|---|---|
| Campo fijo de descripción fija | 009520000a22002050004500 |
| 082 04 - NÚMERO DE CLASIFICACIÓN DECIMAL DEWEY | |
| Número de clasificación | G 232.4 V35j |
| 001 - NÚMERO DE CONTROL | |
| Campo de control | 19622 |
| 100 1# - ASIENTO PRINCIPAL--NOMBRE PERSONAL | |
| Nombre personal | Taylor, Vincent |
| 245 10 - TÍTULO | |
| Título del Material | Jesus and his sacrifice : A study of the passion-sayings in the gospels / Vincent Taylor |
| 260 ## - PUBLICACIÓN, DISTRIBUCIÓN, ETC. (PIE DE IMPRENTA) | |
| Lugar de publicación, distribución, etc. | London : Macmillan |
| 300 ## - DESCRIPCIÓN FÍSICA | |
| Extensión | xii, 339 páginas |
| 336 ## - CONTENT TYPE | |
| Content type term | texto |
| Content type code | txt |
| Source | rdacontent |
| 337 ## - MEDIA TYPE | |
| Source | rdamedia |
| Media type term | sin mediación |
| Media type code | n |
| 338 ## - CARRIER TYPE | |
| Source | rdacarrier |
| Carrier type term | volumen |
| Carrier type code | nc |
| 500 ## - NOTA GENERAL | |
| Nota General | Incluye índices (p. 325-339) |
| 501 ## - NOTA DE “CON” | |
| Nota de Contenido | Pasta dura |
| 505 00 - NOTA DE CONTENIDO | |
| Nota de contenido con formato preestablecido | Los antecedentes en el Antiguo Testamento - El reino de Dios - La esperanza mesiánica - El Hijo de hombre - El Hijo - El siervo de Jehová - Sacrificios - Los dichos de la pasión en los evangelios - Las consecuencias inmediatas de los dichos - Las mayores cuestiones planteadas por los dichos - La expiación |
| 650 14 - ASIENTO SECUNDARIO DE MATERIA - TERMINO TEMÁTICO | |
| Término temático o nombre geográfico como elemento de entrada | Biblia N.T. - Interpretación \ Cristología \ Jesucristo - Crucifixión - Expiación |
| 942 ## - TIPO DE MATERIAL (KOHA) | |
| Tipo de Item KOHA | Libros General |
| Estado de Material | Estado de Perdido | Estado de Dañado | No para Préstamo | Colección | Tomo | Biblioteca de Origen | Biblioteca Permanente | Fecha de Adquisición | Total de Préstamos | Signatura Topográfica | Código de Barras | Última vez visto | Ejemplar/Existencia | Fecha de Remplazo | Tipo de Material |
|---|---|---|---|---|---|---|---|---|---|---|---|---|---|---|---|
| Colección General | Biblioteca FUSBC | Biblioteca FUSBC | 04/05/2015 | G 232.4 V35j | 19689 | 17/06/2021 | 1 | 26/01/2016 | Libros General |
